হৃদয়ে বঙ্গবন্ধু প্রেরণায় শেখ হাসিনা / (Record no. 76054)
[ view plain ]
| 000 -LEADER | |
|---|---|
| fixed length control field | 00930nam a22002417a 4500 |
| 001 - CONTROL NUMBER | |
| control field | 76054 |
| 003 - CONTROL NUMBER IDENTIFIER | |
| rucl marc code | BD-RjUL |
| 005 - DATE AND TIME OF LATEST TRANSACTION | |
| control field | 20211209082800.0 |
| 008 - FIXED-LENGTH DATA ELEMENTS--GENERAL INFORMATION | |
| fixed length control field | 191016s2018 bg a|||| |||| 00| 0 ben d |
| 020 ## - INTERNATIONAL STANDARD BOOK NUMBER | |
| International Standard Book Number | 9789849344858 |
| 035 ## - SYSTEM CONTROL NUMBER | |
| System control number | (BD-RjUL)76274 |
| 040 ## - CATALOGING SOURCE | |
| Original cataloging agency | BD-RjUL |
| Language of cataloging | eng |
| Transcribing agency | BD-RjUL |
| 041 ## - LANGUAGE CODE | |
| Language code of text/sound track or separate title | eng |
| 082 ## - DEWEY DECIMAL CLASSIFICATION NUMBER | |
| Edition number | 23 |
| Classification number | 954.9205 |
| Author mark and year | SOH 2018 |
| 100 ## - MAIN ENTRY--PERSONAL NAME | |
| Personal name | সোহাগ, সাইফুর রহমান |
| 9 (RLIN) | 147372 |
| 245 ## - TITLE STATEMENT | |
| Title | হৃদয়ে বঙ্গবন্ধু প্রেরণায় শেখ হাসিনা / |
| Statement of responsibility, etc. | সাইফুর রহমান সোহাগ |
| 260 ## - PUBLICATION, DISTRIBUTION, ETC. (IMPRINT) | |
| Place of publication, distribution, etc. | ঢাকা : |
| Name of publisher, distributor, etc. | শব্দশৈলী, |
| Date of publication, distribution, etc. | ২০১৮ |
| 300 ## - PHYSICAL DESCRIPTION | |
| Pagination | ৯৫ পৃ. : |
| Illustrations | চিত্র ; |
| Size | ২২ সেমি. |
| 600 ## - SUBJECT ADDED ENTRY--PERSONAL NAME | |
| Personal name | Mujibur Rahman, |
| Titles and other words associated with a name | Sheikh, |
| Dates associated with a name | 1920-1975 |
| 650 ## - SUBJECT ADDED ENTRY--TOPICAL TERM | |
| Topical term or geographic name as entry element | Bangladesh |
| General subdivision | History |
| Chronological subdivision | Revolution, 1971 |
| 9 (RLIN) | 233818 |
| Topical term or geographic name as entry element | Ex-presidents |
| General subdivision | Bangladesh |
| 9 (RLIN) | 233819 |
| 942 ## - ADDED ENTRY ELEMENTS (KOHA) | |
| Source of classification or shelving scheme | Dewey Decimal Classification |
| Koha item type | Books |
| Lost status | Source of classification or shelving scheme | Damaged status | Not for loan | Permanent Location | Current Location | Shelving location | Date acquired | Source of acquisition | Cost, normal purchase price | Total Checkouts | Full call number | Date last seen | Copy number | Koha item type |
|---|---|---|---|---|---|---|---|---|---|---|---|---|---|---|
| Dewey Decimal Classification | Not For Loan | Central Library, University of Rajshahi | Central Library, University of Rajshahi | Reading Room | 23/09/2019 | Vidyasagar, Rajshahi | 250.00 | B 954.9205 SOH 2018 | 16/10/2019 | C-1 | Books |